| 000 | 01169cam a2200397Ka 4500 | ||
|---|---|---|---|
| 001 | 91280 | ||
| 005 | 20230410132918.0 | ||
| 008 | 060802s2005 fr b 001 0 fre d | ||
| 035 | _a(OCoLC)ocm70804129 | ||
| 040 |
_aSBM _cSBM |
||
| 020 | _a2226159045 | ||
| 020 | _a9782226159045 | ||
| 035 | _a(OCoLC)70804129 | ||
| 041 | 1 |
_afre _heng |
|
| 049 | _aGRAL | ||
| 050 | 1 | 4 |
_aB 133 _bR165e 2005 |
| 082 | 0 | 0 | _a294.52 |
| 100 | 0 |
_aRamana, _cMaharshi, _d1879-1950 |
|
| 240 | 1 | 0 |
_aTalks with Sri Ramana Maharshi. _lFrench |
| 245 | 1 | 2 |
_aL'enseignement de Rámana Maharshi / _ctraduction et présentation de Eleonore Braitenberg. |
| 250 | _aNouv. éd. intégrale. | ||
| 260 |
_aParis : _bA. Michel, _c2005. |
||
| 300 |
_a995 p. ; _c18 cm. |
||
| 440 | 0 |
_aSpiritualités vivantes ; _v218 |
|
| 504 | _aIncludes bibliographical references (p. [993]-995) and index. | ||
| 500 | _aOriginal ed., 1995; 1st French ed., 1972. | ||
| 650 | 0 | _aHinduism. | |
| 650 | 4 | _aFilosofía hindú. | |
| 650 | 4 | _aShaivismo. | |
| 650 | 4 | _aVedismo. | |
| 650 | 4 | _aTantrismo. | |
| 651 | 4 |
_aSiva (Deidad hindú) _xCulto. |
|
| 942 |
_2lcc _cbk |
||
| 994 |
_aC0 _bDRFGD |
||
| 946 | _ardc | ||
| 999 |
_c90069 _d90069 |
||